| 000 | 00552nam a2200193Ia 4500 | ||
|---|---|---|---|
| 003 | GCL | ||
| 008 | 140319s9999 xx 000 0 eng d | ||
| 040 |
_aGCL / _cGCL |
||
| 082 | 0 | 4 |
_a658.12 _bB F |
| 100 | 1 | _aBREALY, RICHARD A. | |
| 245 | 1 | 0 |
_aFUNDAMENTALS OF CORPORATE FINANCE / _cBREALY, RICHARD A. |
| 700 | 1 | _aMYERS, STEWART C. | |
| 700 | 1 | _aMARCUS, ALAN J. | |
| 260 |
_a[S.N] : _bMC GRAW - HILL ، _c1995 |
||
| 490 |
_aMCGRAW - HILL INTERNATIONAL SERIES IN SOFTWARE ENG _v0 |
||
| 650 | 0 | 4 | _aCORPORATIONS |
| 650 | 0 | 4 | _aFINANCE |
| 942 |
_2ddc _cBK |
||
| 999 |
_c23794 _d23794 |
||